Liedtext - Dein ist mein ganzes Herz - Heinz Rudolf Kunze - Statistiken

Allgemein
  • Dieses Quiz wurde 431 mal gespielt
  • Das Durchschnittsergebnis liegt bei 181 aus 242
Antwortstatistiken
Textquiz % Korrekt
mein
100%
ganzes
99%
Herz
99%
Dein
98%
Du
98%
du
98%
ist
98%
bist
96%
Wir
92%
wir
92%
Schmerz
90%
auf
88%
die
86%
Die
86%
uns
86%
Uns
86%
Ich
83%
ich
83%
sein
83%
Reim
81%
werden
81%
zu
81%
hab
80%
und
80%
Und
80%
Welt
79%
haben
78%
wie
78%
wird
78%
das
77%
klein
77%
nicht
77%
er
70%
Riesen
69%
Wo
69%
dich
67%
kann
67%
komm
66%
für
65%
geliebt
65%
sind
65%
als
64%
Dann
64%
denn
64%
raus
64%
mehr
63%
Teufel
63%
Es
62%
Was
62%
dem
61%
so
61%
sich
58%
weiter
57%
deinen
56%
keine
56%
kam
55%
wussten
55%
nur
54%
viel
53%
gut
52%
nichts
52%
Schwan
52%
sterbender
52%
Kissen
51%
alle
50%
Beziehungen
50%
Menschen
50%
Betrachten
49%
Reiter
48%
brauche
47%
Diplomaten
47%
falschen
47%
jeden
47%
machtest
47%
noch
47%
Staaten
47%
Wimpern
47%
enden
46%
höchstens
46%
nie
46%
verführen
46%
finsterer
45%
gar
45%
Gewissen
45%
möchte
45%
versagt
45%
bloß
43%
entführen
43%
anderen
42%
anderes
42%
Nachtgeruch
42%
kapieren
41%
Morgen
41%
spät
41%
Glück
38%
Pech
36%
Schwefel
36%
heim
35%
möchten
35%
ausprobieren
34%
Geröll
32%
Statt
32%
fast
31%
plötzlich
28%
Gletscher
26%
Keine übereinstimmenden Quizze gefunden
Verteilung der Resultate
Anzahl Personen mit jedem Resultat
Perzentil nach korrekt beantworteten Fragen
Ihre Resultats-Entwicklung
Sie haben dieses Quiz noch nicht gespielt